Agenda pre Stredomorie/južného susedstva v kontexte stratégie Europa 2020 diplomová práca

Salvato in:
Dettagli Bibliografici
Autore principale: Varga, Tomáš
Ente Autore: Obchodná fakulta EU. Katedra medzinárodného obchodu
Altri autori: Čiderová, Denisa, 1977-
Natura: Libro
Lingua:slovacco
Pubblicazione: Bratislava 2014
Tags: Aggiungi Tag
Nessun Tag, puoi essere il primo ad aggiungerne!!

MARC

LEADER 00000nbm a2200000 4500
001 0185977
005 20170201094224.2
041 0 |a slo 
044 |a SK 
245 1 0 |a Agenda pre Stredomorie/južného susedstva v kontexte stratégie Europa 2020  |b diplomová práca  |c Tomáš Varga ; školiteľ: Denisa Čiderová 
264 1 |a Bratislava  |c 2014 
300 |a 80 s. 
100 1 |a Varga, Tomáš 
700 1 |a Čiderová, Denisa, 1977- 
710 2 |a Obchodná fakulta EU. Katedra medzinárodného obchodu